000 01253cam a22002651i 4500
003 OSt
005 20260114135454.0
008 260105q19001999su g 000 0 ara c
040 _aSA-MaUQU
_bara
_cSA-RiAUC
_erda
082 0 4 _a240
_qSA-RiAUC
090 _aم ن 240
_bا ب ن ز
100 _aابن زيني دحلان، أحمد
245 0 0 _aشرح العلامة السيد أحمد بن زيني دحلان، المسمى، بفتح الجواد المنان على العقيدة المسماة بفيض الرحمن /
_cبعض العلماء.
246 3 3 _aفتح الجواد المنان على العقيدة المسماة بفيض الرحمن
264 1 _aمكة المكرمة :
_b[الناشر غير محدد]،
_c[بين 1900 و1999]
264 3 _a[مكان الطبع غير محدد] :
_bالمطبعة المكية
300 _a40 صفحة ؛
_c28 سم
336 _aنص
_btxt
_2rdacontent
_3كتاب
337 _aبدون وسيط
_bn
_2rdamedia
338 _aمجلد
_bnc
_2rdacarrier
650 7 _aعلم الكلام
_2aucsh
700 1 2 _iشرح لـ (عمل) :
_aبن آجروم، محمد بن محمد بن داود،
_d672-723 هجري
942 _2ddc
_cRBOOK COPY
_n0
949 _aSA-JeALM
_d260105
_umohamedma123
_n1
999 _c14066
_d14066